Catalog

Record Details

Catalog Search



The filet crochet book / by Chris Rankin ; with an ... Read More

Rankin, Chris.(Author).

Available copies

  • 1 of 1 copy available at LARL/NWRL Consortium.

Current holds

0 current holds with 1 total copy.

Show Only Available Copies
Location Call Number / Copy Notes Barcode Shelving Location Status Due Date
Roseau Public Library 746.434 RAN (Text) 35500001655537 Main Available -

Record details

  • ISBN: 0806958227 :
  • Physical Description: 158 p. : ill. (some col.) ; 26 cm.
  • Publisher: New York : Sterling Pub. Co., 1989.

Content descriptions

General Note:
"A Sterling/Lark book."
Includes index.
Subject: Crocheting > Patterns.
LDR 00882cam a2200253 a 4500
0019255
003LARL_NWRL_CONSORTIUM
00519921028192002.0
008890920s1989 nyua 001 0 eng
010 . ‡a89021904
020 . ‡a0806958227 : ‡c$21.95 ($29.95 Can.)
035 . ‡a(OCoLC)20453476
040 . ‡aDLC ‡cDLC ‡dKRL
08200. ‡a746.43/4 ‡220
092 . ‡a746.434 ‡bR
1001 . ‡aRankin, Chris. ‡0(LARL_NWRL_CONSORTIUM)95966
24514. ‡aThe filet crochet book / ‡cby Chris Rankin ; with an introduction by Nola Theiss.
260 . ‡aNew York : ‡bSterling Pub. Co., ‡c1989.
300 . ‡a158 p. : ‡bill. (some col.) ; ‡c26 cm.
500 . ‡a"A Sterling/Lark book."
500 . ‡aIncludes index.
650 0. ‡aCrocheting ‡vPatterns. ‡0(LARL_NWRL_CONSORTIUM)18039
901 . ‡a9255 ‡bOCLC ‡c9255 ‡tbiblio

Additional Resources